Statistiques concernant Pays visités par les Simpson sur une carte du monde

Cliquez ici pour prendre le quiz!

Statistiques générales

  • Ce quiz a été pris 958 fois
    (943 depuis la dernière actualisation)
  • Le résultat moyen est 21 sur 31

Réponses sur la Carte

Les réponses sont colorées sur une échelle allant du rouge au vert en fonction du pourcentage des utilisateurs qui les ont devinées à leur premier essai. Vous pouvez retrouver ces pourcentages ci-dessous.
 

Statistiques - réponses

Pays% Correct
France
100%
Canada
99%
Brésil
98%
Chine
97%
Etats-Unis
96%
Mexique
96%
Australie
95%
Royaume-Uni
95%
Espagne
94%
Japon
93%
Italie
90%
Inde
87%
Irlande
75%
Suède
75%
Islande
69%
Danemark
67%
Égypte
67%
Maroc
67%
Cuba
65%
Corée du Sud
59%
Grèce
59%
Suisse
57%
Pérou
55%
Iran
48%
Pays-Bas
48%
Israël
44%
Autriche
42%
Viêt Nam
40%
Costa Rica
23%
Tanzanie
23%
Micronésie
4%

Distribution des résultats

Percentile par nombre de réponses

% des personnes avec chaque résultat

Votre développement - résultats

Vous n’avez pas pris ce quiz depuis la dernière actualisation